خلیل الرحمان اعظمی / (Record no. 172252)

MARC details
000 -LEADER
fixed length control field 00562nam a22001817a 4500
005 - DATE AND TIME OF LATEST TRANSACTION
control field 20200130131355.0
010 ## - LCCN (DPL NO)
LC control number B-70054
020 ## - INTERNATIONAL STANDARD BOOK NUMBER
Terms of availability 25.00
International Standard Book Number 8126013990
035 ## - SYSTEM CONTROL NUMBER
System control number B-70054
037 ## - SOURCE OF ACQUISITION
Source of stock number/acquisition BPPD/Pub.
082 ## - DEWEY DECIMAL CLASSIFICATION NUMBER
Classification number 840.8
100 ## - MAIN ENTRY--PERSONAL NAME
Personal name مہتاب حیدر نقوی
245 ## - TITLE STATEMENT
Title خلیل الرحمان اعظمی /
Statement of responsibility, etc مہتاب حیدر نقوی
246 ## - VARYING FORM OF TITLE
Title proper/short title Khalil-ur-Rahman Azmi (Urdu) /
Remainder of title by Mehtab Haider Naqvi
260 ## - PUBLICATION, DISTRIBUTION, ETC. (IMPRINT)
Place of publication, distribution, etc New Delhi
Name of publisher, distributor, etc Sahitya Akademy
Date of publication, distribution, etc 2001 ء
300 ## - PHYSICAL DESCRIPTION
Extent 130p.
Dimensions 20cm(pbk)
942 ## - ADDED ENTRY ELEMENTS (KOHA)
Source of classification or shelving scheme Dewey Decimal Classification
Item type Urdu Bks
Classification part 840.8
Call number suffix خ ل ی
Holdings
Withdrawn status Lost status Not for loan Collection code Home library Current library Date acquired Source of acquisition Cost, normal purchase price Full call number Barcode Copy number Cost, replacement price Koha item type
      Non-fiction Central Library Central Library 30/01/2020 BPPD/Ven. 25.00 840.8 خ ل ی B-70054 1 25.00 Urdu Bks

© Delhi Public Library
Hit Counter
free hit counter